02379agaaa2200301 45000010005000000030009000050050017000140070009000310080040000400400023000800410013001031000052001161300071001682450301002392500022005402600094005623000033006565080181006895200803008705380016016735460013016896500058017027000050017607000069018107000064018797000064019437000070020074119IT-RoPAU20220918181222.0d cvaizq50131s9999||||xx ||| | || ||und|| aIT-RoPAUcIT-RoPAU aITALIANO aDi Diodato RobertogCodice regista SPICS: 55765 aCAMMINO DI DIO CONL'UOMO (IL) - FILOSOFIA GRECA E SAPIENZA EBRAICA aCAMMINO DI DIO CONL'UOMO (IL) - FILOSOFIA GRECA E SAPIENZA EBRAICAcProdotto da: Telenova-Sat2000-Ita -- Sceneggiatura: Gianantonio Borgonovo, Primo Gironi -- Diretto da: Di Diodato RobertopCAMMINO DI DIO CONL'UOMO (IL) - FILOSOFIA GRECA E SAPIENZA EBRAICA (Rif. Codice opera principale : H4119) aEdizione Standard aMILANO (ITALIA)bMULTIMEDIA SAN PAOLO / g"2003 (1° ed.: 2003 ; Ed. Lingua Orig.: 2003)" aVHSbsonoro, col.c55 minuti a"Fotografia: Soetje Russo Melis; Montaggio: Maurizio Alba; Musica: AA.VV. ; Sceneggiatura: Gianantonio Borgonovo, Primo Gironi; Soggetto: Borgonovo Gianantonio -- Gironi Primo" a"""IL CAMMINO DI DIO CON L'UOMO"" E' LA PIU' RECENTE E APPROFONDITA INDAGINE SULLE PAGINE PIU' DIFFICILI E MENO CONOSCIUTE DELL'ANTICO TESTAMENTO. UNA SPECIE DI GRANDE QUARK CHE INTENDE AVVICINARE LA GENTE ALLA PAROLA DI DIO PER FARNE SCOPRIRE IL FASCINO ETERNO E MISTERIOSO. LE IMMAGINI SONO STATE GIRATE NEI LUOGHI PIU' IMPORTANTI E NEI SITI ARCHEOLOGICI PIU' ANTICHI E SUGGESTIVI DEL VICINO ANTICO ORIENTE. EPISODI DI QUESTA CASSETTA N.36: 1. IL FENOMENO DELL'ELLENISMO; 2. ALESSANDRO MAGNO; 3. LA STORIA SECONDO I LIBRI DEIMACCABEI; 4. IL LIBRO DI DANIELE; 5. LA VERSIONE GRECA DELLA BIBBIA DEI SETTANTA; 6. I LIBRI SAPIENZIALI; 7. LA SAPIENZA NEI TESTI EXTRABIBLICI; 8. GIOBBE; 9. I PROVERBI; 10. IL CANTICO PIU' BELLO; 11. ESTER COME ISTAR. FILMA COLORI, DISTRIBUITO DA MULTIMEDIA SAN PAOLO." aPAL, STEREO aITALIANO aDOCUMENTARIOeFILMS [VHS]xCodice MATERIA SPICS: 9960 aAA.VV. e(musica)gCodice Musica SPICS: 12000 aBorgonovo Gianantonio e(soggetto)gCodice Soggetto SPICS: 57465 aDi Diodato Roberto e(regista)gCodice regista SPICS: 55765 aGironi Primo e(soggetto)gCodice Soggetto 2° SPICS: 34827 aGiuliani Stefaniae(regista)gCodice secondo regista SPICS: 57464